Quizzes
Events
Quiz Creation
Community
Videos
Private Events
Remove Ads
Sign In
Join for FREE
Feedback
Dark Mode
Quiz Categories
Sports
Geography
Music
Movies
Television
Just For Fun
Miscellaneous
History
Literature
Language
Science
Gaming
Entertainment
Religion
Holiday
For Kids
Quiz Lab
Recent
Popular Today
Quiz Kudos Today
Editor Picks
Curator Picks
Quizzes by...
Day
Popularity
Type
Ratings
Length
Year
Community
Subscriptions
Recent Discussions
Orange Saloon
Badges
Playlists
Quests
Create
Leaderboards
Showdown
Live 5
Trivia Bingo
Activity
Puzzle Library
Sporcle Events
Private Events
Virtual Trivia
Globe League
Become a Host
Pub Owners
SporcleCon
Opinionation
Our Games
Videos
Blog
Mobile Apps
Partnerships
Remove Ads and Go Orange
Feedback
Sports
Athletes
MLB
NBA
NHL
NFL
Soccer
Sports Teams
WWE
NCAA
Football
Premier League
Basketball
Baseball
Hockey
Golf
Tennis
Cricket
Rugby
Auto Racing
Olympics
World Cup
Sports
Athletes
MLB
NBA
NHL
NFL
Soccer
Sports Teams
WWE
NCAA
Football
Premier League
Basketball
Baseball
Hockey
Golf
Tennis
Cricket
Rugby
Auto Racing
Olympics
World Cup
Random Quiz
Search Sporcle
×
Quiz Lab
Quiz Lab
Sports
Basketball
Type in answers that appear in a list
Type in answers that appear in a list
Classic
Best Score? Go Orange.
Big 4 Teams by State Blitz Stats
Can you name the current Big 4 teams in the U.S. for each state?
By
GAJM41191
90s
26 Questions
3,215 Plays
3,215 Plays
3,215 Plays
Comments
Comments
Give Quiz Kudos
Give Quiz Kudos
-
- Ratings
hide this ad
More Info
Forced Order
Answers have to be entered in order
Answers have to be entered in order
Replay
Link that replays current quiz
Next Quiz
Link to next quiz in quiz playlist
You Got
0%
They Got
Avg Score
84%
Avg Friend Score
Upgrade to see
Score Distribution
Jump to the score distribution portion of the page
Score
0/26
Timer
01:30
0
Plays Today
State
Team
% Correct
Arizona
Cardinals...
98.5%
California
Ducks...
98.5%
Florida
Marlins...
97.9%
Colorado
Avalanche...
97.6%
Georgia
Braves...
94.6%
District of Columbia
Washington Capitals...
94.3%
Indiana
Pacers and Colts
94.3%
Illinois
Bears...
94.2%
Massachusetts
Bruins...
93.1%
Minnesota
Timberwolves...
92.5%
New York
Bills...
90.5%
Louisiana
Hornets and Saints
90.5%
Michigan
Lions...
89.5%
State
Team
% Correct
Maryland
Orioles and Ravens
85.1%
New Jersey
New Jersey Devils
83.5%
Ohio
Bengals...
83.4%
North Carolina
Hurricanes...
82.6%
Missouri
Chiefs...
81.2%
Oklahoma
Oklahoma City Thunder
77.4%
Pennsylvania
76ers...
76.3%
Tennessee
Grizzlies...
73.4%
Texas
Cowboys...
72.8%
Oregon
Portland Trail Blazers
70%
Utah
Utah Jazz
68.6%
Washington
Mariners and Seahawks
60.6%
Wisconsin
Packers...
57.4%
Quiz Playlist
Details
Report
Send in Message
Add To Playlist
More Info:
Only one team is required per state.
Classic:
Type in answers that appear in a list
Forced Order:
Answers have to be entered in order
Last Updated: Feb 16, 2017
Quiz Scoreboard
CHALLENGE
Sign Up to Join the Scoreboard
Show All
Scores
Hide
Comments
May contain spoilers
Recently Published
NBA Finals Game Top Scorers (2010s)
by flibbidy
Sports
5m
Guess the 'R' Things in 3 Words
by MSUKent
Miscellaneous
3m
Actor to Badly Drawn Movie III
by MoMosMoProblems
Movies
5m
More to Explore
Quiz From the Vault
Featured Blog Post
Where Does Lost Luggage Go?
hide this ad
You Might Also Like...
Tags
Baseball Quiz
Basketball Quiz
MLB Quiz
NBA Quiz
NFL Quiz
NHL Quiz
State Quiz
MLS
pro
Pro Sports
team
Today's Top Quizzes in Sports
Browse Sports
hide this ad
Today's Top Quizzes in Basketball
Browse Basketball
Top Contributed Quizzes in Sports
1
Les joueurs à 100 buts en Ligue 1 Uber Eats
2
2022 World Cup Stars
3
2024 March Madness Bracket
4
Millionaire: NBA Finals Edition
5
Players with Multiple 50 Home Run Seasons
6
Nickname Match: Athletes VI
7
Criteria MLB: Left Handed Sluggers
8
Iconic Moments in Football - Multiple Choice
9
NFL MVPs ordered
10
First NBA MVP by Team
Explore More
Trending Topics
Marvel
Crossword
Anime
NBA
Disney
Harry Potter
Kpop
The Office
Puzzle
Soccer
WWE
Song
NFL
Pokémon
Country
hide this ad
More By:
GAJM41191
Quiz
Plays
Rating
Category
Featured
Created
States per Letter
1,883,756
4.20
Geography
Oct 25, 2009
Sporcle Jeopardy
9,694
2.95
Miscellaneous
Oct 9, 2009
I'm thinking of a number between 100 & 300
8,453
3.40
Just For Fun
Oct 5, 2009
Wild Card Champions
4,317
3.92
Sports
Oct 14, 2009
Big 4 Teams by State Blitz
3,215
3.47
Sports
Nov 1, 2009
Go to Creator's Profile
Score Distribution
Quiz Creator Spotlight
GAJM41191
Follow
Send a Message
Quizzes Created
-
Created Quiz Play Count
-
More By This Creator
Popular Quizzes Today
1
Find the US States - No Outlines Minefield
2
Find the US States
3
The Countries of the World
4
10 Largest US States in Order
5
Find the Countries of Europe - No Outlines Minefield
6
US States
7
Guess the 'R' Things in 3 Words
8
NBA Finals Game Top Scorers (2010s)
More Sports Quizzes
Miami Heat Players in Common
Quiz Lab
Trending Quizzes
First Name TV: Leading Men
Match the Book to the Film II
3-Word Movies in 1 Word II
First Name TV: Leading Women Drama
Match the Book to the Film VI
Recently Updated
Women's Final Four Teams by Year
bhenderson79
Presidents Quartet II
eogle
Anything But Clue(do)
eogle
Anything But Oceanian Capitals
eogle
Anything But 7
eogle
Anything But Thing
eogle
Word Ladder: February 29
pecheneg
Song Title Questions
pecheneg
Women's NCAA Tournament #1 Seeds
pecheneg
Celebrity Mug Shots
pecheneg
Trending Topics
Kpop
Anime
Marvel
NBA
Disney
Crossword
Harry Potter
Country
WWE
Song
NFL
Soccer
Pokémon
The Office
Puzzle
Your Account Isn't Verified!
In order to create a playlist on Sporcle, you need to verify the email address you used during registration. Go to your
Sporcle Settings
to finish the process.
Report this User
Report this user for behavior that violates our
Community Guidelines
.
Details:
Send Report
Go to the Sporcle.com Mobile Site →
Comments